000 02037nam a22002417a 4500
999 _c62325
_d62325
003 Ge_BSU
005 20241002142930.0
008 241002s2013 enk||||| |||| 00| 0 eng d
020 _a9789941220883
041 _ageo
080 _a338.22(075.8) მ-27
100 _aმანველიძე, რეზო
_91497
245 _aბიზნესის შეფასების საფუძვლები : (კითხვა-პასუხებში) :
_b[სახელმძღვ.] /
_cრეზო მანველიძე, ია მესხიძე; რედ. პაატა ჩაგანავა; ბათუმის შ. რუსთაველის სახელმწ. უნ-ტის სოც. მეცნ., ბიზნ. და სამართალმც. ფაკ-ტი, ფინანსები, აღრიცხვის და აუდიტის დეპარტამენტი, ეკონ. პოლიტ. და ბიზნ. ადმინისტრირების დეპარტამენტი.
264 _aთბ. :
_bუნივერსალი,
_c2013.
300 _a291 გვ. ;
_b20 სმ.
500 _aგამოყენებულ ტერმინთა განმარტება: გვ. 276-287.
504 _aბიბლიოგრ.: გვ. 288-289.
653 _aბიზნესი
700 _aმესხიძე, ია
_eავტორი
_910557
700 _aჩაგანავა, პაატა
_eრედაქტორი
_91685
710 _aბათუმის უნ-ტი. სოციალ. მეცნ., ბიზნ. და სამართალმც. ფაკ-ტი. ფინანსები, აღრიცხვის და აუდიტის დეპარტამენტი. ეკონ. პოლიტ. და ბიზნ. ადმინისტრირების დეპარტამენტი.
_923295
942 _2udc
_cᲬᲘᲒᲜᲘ